| 000 | 00326nam a22001337a 4500 | ||
|---|---|---|---|
| 003 | SGT | ||
| 020 | _a9789211009361 | ||
| 082 |
_a341.23 _bUNP |
||
| 100 | _aUNITED NATION PUBLICATION | ||
| 245 | _aBASIC FACTS ABOUT THE UNITED NATIONS | ||
| 260 |
_aNEW YORK _bUNITED NATION PUBLICATION _c2003 |
||
| 300 | _a359 | ||
| 942 |
_2ddc _cBK |
||
| 999 |
_c33365 _d33365 |
||